<?xml version="1.0" encoding="UTF-8"?>
<collection xmlns="http://www.loc.gov/MARC21/slim">
 <record>
  <leader>04108nam a22006377i 4500</leader>
  <controlfield tag="001">000727655</controlfield>
  <controlfield tag="003">CZ-PrVSE</controlfield>
  <controlfield tag="005">20251211084043.0</controlfield>
  <controlfield tag="007">ta</controlfield>
  <controlfield tag="008">251202t20252025xr     fr     000 0 cze d</controlfield>
  <datafield tag="015" ind1=" " ind2=" ">
   <subfield code="a">cnb003719261</subfield>
  </datafield>
  <datafield tag="020" ind1=" " ind2=" ">
   <subfield code="a">978-80-7554-427-8</subfield>
   <subfield code="q">(brožováno)</subfield>
  </datafield>
  <datafield tag="035" ind1=" " ind2=" ">
   <subfield code="a">(OCoLC)1578134018</subfield>
  </datafield>
  <datafield tag="040" ind1=" " ind2=" ">
   <subfield code="a">ABA006</subfield>
   <subfield code="b">cze</subfield>
   <subfield code="c">ABA006</subfield>
   <subfield code="d">ABA006</subfield>
   <subfield code="e">rda</subfield>
  </datafield>
  <datafield tag="072" ind1=" " ind2="7">
   <subfield code="a">349</subfield>
   <subfield code="x">Pracovní, sociální, stavební právo. Právo životního prostředí</subfield>
   <subfield code="2">Konspekt</subfield>
   <subfield code="9">16</subfield>
  </datafield>
  <datafield tag="072" ind1=" " ind2="7">
   <subfield code="a">614</subfield>
   <subfield code="x">Veřejné zdraví a hygiena</subfield>
   <subfield code="2">Konspekt</subfield>
   <subfield code="9">14</subfield>
  </datafield>
  <datafield tag="072" ind1=" " ind2="9">
   <subfield code="a">344</subfield>
   <subfield code="x">Labor, social service law</subfield>
   <subfield code="2">Conspectus</subfield>
   <subfield code="9">16</subfield>
  </datafield>
  <datafield tag="072" ind1=" " ind2="9">
   <subfield code="a">614</subfield>
   <subfield code="x">Forensic medicine, incidence of disease, public preventive medicine</subfield>
   <subfield code="2">Conspectus</subfield>
   <subfield code="9">14</subfield>
  </datafield>
  <datafield tag="080" ind1=" " ind2=" ">
   <subfield code="a">616-057</subfield>
   <subfield code="2">MRF_2003</subfield>
  </datafield>
  <datafield tag="080" ind1=" " ind2=" ">
   <subfield code="a">349.2</subfield>
   <subfield code="2">MRF_2014</subfield>
  </datafield>
  <datafield tag="080" ind1=" " ind2=" ">
   <subfield code="a">61</subfield>
   <subfield code="2">MRF_2003</subfield>
  </datafield>
  <datafield tag="080" ind1=" " ind2=" ">
   <subfield code="a">34</subfield>
   <subfield code="2">MRF_2003</subfield>
  </datafield>
  <datafield tag="080" ind1=" " ind2=" ">
   <subfield code="a">(437.3)</subfield>
   <subfield code="2">MRF_2003</subfield>
  </datafield>
  <datafield tag="080" ind1=" " ind2=" ">
   <subfield code="a">(035)</subfield>
   <subfield code="2">MRF_2003</subfield>
  </datafield>
  <datafield tag="099" ind1=" " ind2="9">
   <subfield code="a">349.2TUČ</subfield>
  </datafield>
  <datafield tag="100" ind1="1" ind2=" ">
   <subfield code="a">Tuček, Milan,</subfield>
   <subfield code="d">1953-</subfield>
   <subfield code="7">mzk2005300535</subfield>
   <subfield code="4">aut</subfield>
  </datafield>
  <datafield tag="245" ind1="1" ind2="0">
   <subfield code="a">Pracovnělékařské služby z pohledu zaměstnavatele i lékaře /</subfield>
   <subfield code="c">Milan Tuček, Tomáš Liškutín</subfield>
  </datafield>
  <datafield tag="246" ind1="3" ind2=" ">
   <subfield code="a">Pracovnělékařské služby</subfield>
  </datafield>
  <datafield tag="250" ind1=" " ind2=" ">
   <subfield code="a">1. vydání</subfield>
  </datafield>
  <datafield tag="264" ind1=" " ind2="1">
   <subfield code="a">Olomouc :</subfield>
   <subfield code="b">ANAG,</subfield>
   <subfield code="c">[2025]</subfield>
  </datafield>
  <datafield tag="300" ind1=" " ind2=" ">
   <subfield code="a">495 stran</subfield>
  </datafield>
  <datafield tag="336" ind1=" " ind2=" ">
   <subfield code="a">text</subfield>
   <subfield code="b">txt</subfield>
   <subfield code="2">rdacontent</subfield>
  </datafield>
  <datafield tag="337" ind1=" " ind2=" ">
   <subfield code="a">bez média</subfield>
   <subfield code="b">n</subfield>
   <subfield code="2">rdamedia</subfield>
  </datafield>
  <datafield tag="338" ind1=" " ind2=" ">
   <subfield code="a">svazek</subfield>
   <subfield code="b">nc</subfield>
   <subfield code="2">rdacarrier</subfield>
  </datafield>
  <datafield tag="490" ind1="1" ind2=" ">
   <subfield code="a">Práce, mzdy, pojištění</subfield>
  </datafield>
  <datafield tag="500" ind1=" " ind2=" ">
   <subfield code="a">Obsahuje seznam nejdůležitějších právních předpisů</subfield>
  </datafield>
  <datafield tag="504" ind1=" " ind2=" ">
   <subfield code="a">Obsahuje bibliografické odkazy</subfield>
  </datafield>
  <datafield tag="520" ind1=" " ind2=" ">
   <subfield code="a">Chcete se dozvědět, jak správně přispět k ochraně a podpoře zdraví zaměstnanců s cílem předcházet vzniku poškození zdraví z práce? Hledáte odbornou publikaci, která pokrývá právní i lékařské aspekty pracovnělékařských služeb? Pak je pro vás tato novinka nepostradatelným pomocníkem. Všechny potřebné informace na jednom místě Publikace obsahuje přehledný, srozumitelný a strukturovaný popis práv a povinností zaměstnavatelů i poskytovatelů pracovnělékařských služeb, které jsou jinak roztříštěny do několika zákonů a prováděcích vyhlášek, a proto není snadné se v nich vždy vyznat. Zohledňuje platnou legislativu a přináší příklady z praxe Zvláštní pozornost je věnována druhům a podmínkám pracovnělékařských prohlídek, další činnosti poskytovatele pracovnělékařských služeb, obsahu smluv o poskytování pracovnělékařských služeb, postupu při vyžádání prohlídky, vydání pracovnělékařského posudku a důsledkům tohoto posudku pro pracovněprávní vztah zaměstnanců. Zohledňuje významné novinky z posledních let a podrobně se věnuje právním změnám, jejichž účinnost nastala k 1. červnu 2025, a popsány jsou i poslední právní změny účinné od 30. září 2025 . Dále vysvětluje souvislosti s evropským právem a přesah v oblasti pracovního práva, tj. do personální a mzdové agendy zaměstnavatelů. Kromě zmíněných informací knihu doplňuje množství příkladů, které vám pomohou lépe pochopit všechny procesy a postupy a aplikovat je správně ve vaší praxi. Navíc v publikaci najdete formuláře, tipy a rady, jak minimalizovat rizika a správně řešit sporné případy.</subfield>
  </datafield>
  <datafield tag="650" ind1="0" ind2="7">
   <subfield code="a">pracovní lékařství</subfield>
   <subfield code="7">ph124528</subfield>
   <subfield code="2">czenas</subfield>
  </datafield>
  <datafield tag="650" ind1="0" ind2="7">
   <subfield code="a">pracovní právo</subfield>
   <subfield code="7">ph115872</subfield>
   <subfield code="2">czenas</subfield>
  </datafield>
  <datafield tag="650" ind1="0" ind2="7">
   <subfield code="a">lékařství</subfield>
   <subfield code="7">ph115195</subfield>
   <subfield code="2">czenas</subfield>
  </datafield>
  <datafield tag="650" ind1="0" ind2="7">
   <subfield code="a">právní aspekty</subfield>
   <subfield code="7">ph137642</subfield>
   <subfield code="2">czenas</subfield>
  </datafield>
  <datafield tag="651" ind1=" " ind2="7">
   <subfield code="a">Česko</subfield>
   <subfield code="7">ge128065</subfield>
   <subfield code="2">czenas</subfield>
  </datafield>
  <datafield tag="655" ind1=" " ind2="7">
   <subfield code="a">příručky</subfield>
   <subfield code="7">fd133209</subfield>
   <subfield code="2">czenas</subfield>
  </datafield>
  <datafield tag="650" ind1="0" ind2="9">
   <subfield code="a">occupational medicine</subfield>
   <subfield code="2">eczenas</subfield>
  </datafield>
  <datafield tag="650" ind1="0" ind2="9">
   <subfield code="a">labor laws and legislation</subfield>
   <subfield code="2">eczenas</subfield>
  </datafield>
  <datafield tag="650" ind1="0" ind2="9">
   <subfield code="a">medicine</subfield>
   <subfield code="2">eczenas</subfield>
  </datafield>
  <datafield tag="650" ind1="0" ind2="9">
   <subfield code="a">legal aspects</subfield>
   <subfield code="2">eczenas</subfield>
  </datafield>
  <datafield tag="651" ind1=" " ind2="9">
   <subfield code="a">Czechia</subfield>
   <subfield code="2">eczenas</subfield>
  </datafield>
  <datafield tag="655" ind1=" " ind2="9">
   <subfield code="a">handbooks and manuals</subfield>
   <subfield code="2">eczenas</subfield>
  </datafield>
  <datafield tag="700" ind1="1" ind2=" ">
   <subfield code="a">Liškutín, Tomáš,</subfield>
   <subfield code="d">1984-</subfield>
   <subfield code="7">mub2014807331</subfield>
   <subfield code="4">aut</subfield>
  </datafield>
  <datafield tag="830" ind1=" " ind2="0">
   <subfield code="a">Práce, mzdy, pojištění</subfield>
  </datafield>
  <datafield tag="993" ind1=" " ind2=" ">
   <subfield code="a">010668313</subfield>
  </datafield>
  <datafield tag="996" ind1=" " ind2=" ">
   <subfield code="1">PSTUD</subfield>
   <subfield code="3">F239266</subfield>
   <subfield code="4">N:P</subfield>
   <subfield code="5">3142377615</subfield>
   <subfield code="8">20251202</subfield>
   <subfield code="9">349.2TUČ</subfield>
   <subfield code="f">81</subfield>
   <subfield code="g">62783</subfield>
   <subfield code="l">UEP01</subfield>
   <subfield code="m">BOOK</subfield>
   <subfield code="q">Studovna Žižkov</subfield>
   <subfield code="t">na 1 měsíc</subfield>
   <subfield code="u">UEP01</subfield>
   <subfield code="w">20251218</subfield>
  </datafield>
 </record>
</collection>
